| 000 | 00376nam a2200145Ia 4500 | ||
|---|---|---|---|
| 008 | 230312s9999||||xx |||||||||||||| ||und|| | ||
| 020 | _a9781285171340 | ||
| 082 |
_a003 _bROS-S |
||
| 100 | _aDavis,Cole | ||
| 245 | 0 | _aSPSS for applied sciences : basic statistical testing | |
| 260 |
_bCengage _aUSA _c2014 |
||
| 300 | _a668 | ||
| 650 |
_aComputer _vSystem Design |
||
| 942 | _cBK | ||
| 999 |
_c17552 _d17552 |
||